| 000 | 00459nam a2200121Ia 4500 | ||
|---|---|---|---|
| 008 | 171212s9999 xx 000 0 und d | ||
| 020 | _a9781921666506 | ||
| 100 | _aHoughton, Keith;Jubb, Christine;Kend, Michael;Ng, Juliana | ||
| 245 |
_cHoughton, Keith;Jubb, Christine;Kend, Michael;Ng, Juliana _aThe Future of Audit _bKeeping Capital Markets Efficient |
||
| 260 |
_bANU E Press _c2009 |
||
| 650 | _aFinance | ||
| 856 | _uwww.jstor.org/stable/10.2307/j.ctt24hb19 | ||
| 999 |
_c351360 _d351360 |
||